Diseño de tres prototipos de vivienda aplicando la neuroarquitectura en el sector oeste radial country club, distrito I en la ciudad de Mangua
En el presente documento se abordaran temas relacionados al diseño y el nivel de confort psicológico dentro de las viviendas, para el desarrollo de tres prototipos de vivienda, en el sector oeste radial country club de la ciudad de Managua.
| Main Authors: | , , |
|---|---|
| Other Authors: | |
| Format: | Tesis Section = Libro |
| Language: | Undetermined Spanish |
| Published: |
Managua
UNI
2022
|
| Subjects: |
| LEADER | 01278nam a2200289Ia 4500 | ||
|---|---|---|---|
| 008 | 240830s9999 xx 000 0 und d | ||
| 040 | |a BIBLIOTECA-RUSB/ Mon 720 B238 | ||
| 041 | |a spa | ||
| 082 | |a Mon 720 B238 | ||
| 100 | 1 | |a Barbosa Baltodano, Xóchilt Isabel | |
| 100 | 1 | |b Cuadra Centeno, Alivel Esperanza | |
| 100 | 1 | |c Vílchez Chávez, Alison Samanta | |
| 245 | 1 | 0 | |a Diseño de tres prototipos de vivienda aplicando la neuroarquitectura en el sector oeste radial country club, distrito I en la ciudad de Mangua |
| 260 | |a Managua |b UNI |c 2022 | ||
| 300 | |a 148 p.: il. | ||
| 500 | |a Contiene: anexos y CD | ||
| 502 | |a Tesis (Arquitecto) - UNI, 2022. | ||
| 520 | 3 | |a En el presente documento se abordaran temas relacionados al diseño y el nivel de confort psicológico dentro de las viviendas, para el desarrollo de tres prototipos de vivienda, en el sector oeste radial country club de la ciudad de Managua. | |
| 650 | 7 | |a ARQUITECTURA - NEUROARQUITECTURA | |
| 650 | 7 | |b VIVIENDA - CALIDAD DE VIDA | |
| 650 | 7 | |c ESPACIOS ARQUITECTÓNICOS – NEUROARQUITECTURA | |
| 650 | 7 | |d ARQUITECTURA – (NATURALEZA, COLOR, LUZ, SILENCIO). | |
| 650 | 7 | |e ELEMENTOS ARQUITECTÓNICOS | |
| 700 | 1 | |a Tutor: |b Rivas Ivette | |
| 942 | |c BK |2 ddc | ||
| 991 | |a TESIS | ||
| 999 | |c 27772 | ||